000 00850nam a2200301Ia 4500
001 16822
003 IT-RoPAU
008 130308s9999 xx 000 0 und d
040 _aIT-RoPAU
040 _cIT-RoPAU
041 _aITALIANO
100 _aPastore Rino
100 _gCodice Aut. SPICS: 31467
245 _aAspetti tecnici della radio: alta fedeltà, stereofonia, quadrifonia
245 _bRicerche Sulla Radiofonia
250 _a1a ed.
260 _aROMA
260 _bSPICS
260 _c1984 [1° Ed.:1984 - Ed.Ling.Originale:1984]
300 _a"9 p. (prefazione: no ; testo: 9)"
500 _aBassa Frequenza banco di regia telefono Mixer Come si Trasmette in Stereofonia
650 _aELABORATI STUDENTI SPICS
650 _eCodice materia Spics: 9905
942 _cBK
957 _71
999 _c64936
_d64936
999 _bSI
999 _g1